RICS rules of conduct (Record no. 121290)
[ view plain ]
| 000 -LEADER | |
|---|---|
| fixed length control field | 01849cam a2200217 4500 |
| 001 - CONTROL NUMBER | |
| control field | 121290 |
| 008 - FIXED-LENGTH DATA ELEMENTS--GENERAL INFORMATION | |
| fixed length control field | 221229s2021 o 000 0 eng u |
| 020 ## - INTERNATIONAL STANDARD BOOK NUMBER | |
| International Standard Book Number | 9781783214174 |
| 041 0# - LANGUAGE CODE | |
| Language code of text/sound track or separate title | eng |
| 110 2# - MAIN ENTRY--CORPORATE NAME | |
| Corporate name or jurisdiction name as entry element | Royal Institution of Chartered Surveyors |
| Subordinate unit | Professional Regulation and Consumer Protection |
| 9 (RLIN) | 4348 |
| 245 00 - TITLE STATEMENT | |
| Title | RICS rules of conduct |
| Medium | [Electronic Resource] |
| 250 ## - EDITION STATEMENT | |
| Edition statement | Rev. ed, |
| Remainder of edition statement | Effective from 2 February 2022 |
| 260 ## - PUBLICATION, DISTRIBUTION, ETC. | |
| Place of publication, distribution, etc. | London, |
| Name of publisher, distributor, etc. | RICS, |
| Date of publication, distribution, etc. | 2021 |
| 300 ## - PHYSICAL DESCRIPTION | |
| Extent | 11p. |
| 490 ## - SERIES STATEMENT | |
| Series statement | RICS Rules of Conduct |
| 520 ## - SUMMARY, ETC. | |
| Summary, etc. | Effective from 2 February 2022. Rule 1 - Members and firms must be honest, act with integrity and comply with their professional obligations, including obligations to RICS.; Rule 2 - Members and firms must maintain their professional competence and ensure that services are provided by competent individuals who have the necessary expertise; Rule 3 - Members and firms must provide good-quality and diligent service; Rule 4 - Members and firms must treat others with respect and encourage diversity and inclusion; Rule 5 - Members and firms must act in the public interest, take responsibility for their actions and act to prevent harm and maintain public confidence in the profession. Appendix A: professional obligations to RICS. <br/>To be read in conjunction with other professional standards including PII, conflicts of interest etc. |
| 520 ## - SUMMARY, ETC. | |
| Summary, etc. | These Rules replace the previous version which had been in place for members and firms since 2007 (there were separate rules for members and separate rules for firms), this edition there are not separate publications. |
| 650 ## - SUBJECT ADDED ENTRY--TOPICAL TERM | |
| Topical term or geographic name entry element | PROFESSIONAL STANDARDS |
| 856 ## - ELECTRONIC LOCATION AND ACCESS | |
| Uniform Resource Identifier | <a href="https://www.rics.org/globalassets/rics-website/media/upholding-professional-standards/standards-of-conduct/rules-of-conduct/roc-basis-for-conclusions.pdf">https://www.rics.org/globalassets/rics-website/media/upholding-professional-standards/standards-of-conduct/rules-of-conduct/roc-basis-for-conclusions.pdf</a> |
| Public note | Available on RICS.org |
| 942 ## - ADDED ENTRY ELEMENTS (KOHA) | |
| Suppress in OPAC | 0 |
| Source of classification or shelving scheme | Dewey Decimal Classification |
| Withdrawn status | Lost status | Source of classification or shelving scheme | Damaged status | Not for loan | Home library | Current library | Shelving location | Date acquired | Total Checkouts | Date last seen | Price effective from | Koha item type |
|---|---|---|---|---|---|---|---|---|---|---|---|---|
| Dewey Decimal Classification | Virtual | Virtual | Online | 29/12/2022 | 29/12/2022 | 29/12/2022 | Online material |